000 01105cam a2200277Ia 4500
001 44420
005 20230410142343.0
008 930422q1970 ag a b 000 0 spa d
035 _a(OCoLC)ocm27967235
040 _aUMC
_cUMC
035 _a(OCoLC)27967235
041 1 _aspa
_hlat
050 1 4 _aBX 1710
_bE97m 1970
049 _aGRAL
100 1 _aEymeric, Nicolás,
_d1320-1399.
240 1 0 _aDirectorium inquisitorum.
_lSpanish
245 1 3 _aEl manual de los inquisidores /
_cNicolás Eymeric.
260 _a[Buenos Aires] :
_bRodolfo Alonso,
_c[1970?]
300 _a118 p. :
_bill. ;
_c18 cm.
504 _aIncludes bibliographical references.
505 0 _aEl manual de los inquisidores / Nicolás Eymeric -- Proceso a Galileo Galilei / Fra Vinco. da Firenzuola -- Abjuraciâon / Galileo Galilei -- Asâi sea / Villiers de l'Isle-Adam -- La esperanza / Villiers de l'Isle-Adam -- Los demonios de Loudon / Aldous Huxley -- Los inquisidores / Pedro Orgambide -- Un drama de la inquisicion / Cami.
650 0 _aInquisition.
942 _2lcc
_cbk
994 _aC0
_bDRFGD
946 _aLspaulino
999 _c94123
_d94123